Retrouve la trilogie - Statistiques

Statistiques générales
  • Ce quiz a été pris 220 fois
  • Le résultat moyen est 8 sur 17
Statistiques - réponses
Titres Trilogie % Correct
La Communauté de l'AnneauLes Deux Tours Le Retour du Roi Le Seigneur des Anneaux
99%
Un nouvel espoirL'Empire contre-attaque Le Retour du Jedi Star Wars
99%
TitreLes Crimes de Grindelwald Les Secrets de Dumbledore Les Animaux Fantastiques
85%
Un Voyage inattenduLa Désolation de Smaug La Bataille des Cinq Armées Le Hobbit
81%
TitreL'Embrasement La Révolte Hunger Games
80%
TitreLa Terre brûlée Le remède mortel Le Labyrinthe
71%
TitreCinquante Nuances plus sombres Cinquante nuances plus claires Cinquante nuances de grey
70%
Le Lion, La Sorcière blanche et l'Armoire MagiqueLe Prince Caspian L'Odyssée du Passeur d'Aurore Le Monde de Narnia
63%
ElevenTwelve Thirteen Ocean's
52%
TitreL'Insurrection Au-delà du mur Divergente
44%
Titre...se déchaîne ...contre Scotland Yard Fantômas
33%
TitreFallen Kingdom Le Monde d'après Jurassic World
21%
Pour une poignée de dollarsEt pour quelques dollars de plus Le Bon, la Brute et le Truand La Trilogie du Dollar
13%
Les Royaumes du NordLa Tour des Anges Le Miroir d'Ambre A la Croisée des Mondes
8%
TitreLes Valeurs Les Retrouvailles La Famille Addams
8%
Les FourmisLe Jour des fourmis La Révolution des fourmis La Trilogie des Fourmis
6%
Les Trois MousquetairesVingt ans après Le Vicomte de Bragelonne La Trilogie des Mousquetaires
3%
Aucun quiz correspondant
Distribution des résultats
% des personnes avec chaque résultat
Percentile par nombre de réponses
Votre historique - résultats
Vous n’avez pas pris ce quiz